Adult learning : (Record no. 127851)

MARC details
000 -LEADER
fixed length control field 00716nam a22002297a 4500
005 - DATE AND TIME OF LATEST TRANSACTION
control field 20170124110031.0
010 ## - LIBRARY OF CONGRESS CONTROL NUMBER
LC control number A-742532
020 ## - INTERNATIONAL STANDARD BOOK NUMBER
Terms of availability 00.00
035 ## - SYSTEM CONTROL NUMBER
System control number A-742532
037 ## - SOURCE OF ACQUISITION
Source of stock number/acquisition Cen Lib/Ret
040 ## - CATALOGING SOURCE
Original cataloging agency DPL
Language of cataloging EN
082 ## - DEWEY DECIMAL CLASSIFICATION NUMBER
Classification number 374
Item number MAN
100 ## - MAIN ENTRY--PERSONAL NAME
Personal name Mani, Gomathi
9 (RLIN) 21720
245 ## - TITLE STATEMENT
Title Adult learning :
Statement of responsibility, etc by Gomathi Mani
Remainder of title theory and practice /
260 ## - PUBLICATION, DISTRIBUTION, ETC. (IMPRINT)
Place of publication, distribution, etc New Delhi
Name of publisher, distributor, etc Sterling Publishers
Date of publication, distribution, etc 1994
270 ## - ADDRESS
City New Delhi
Address L-10, Green Park Extension
Postal code 110016
300 ## - PHYSICAL DESCRIPTION
Extent 228p.
Dimensions 20cm(Hb)
500 ## - GENERAL NOTE
General note Includes bibliographical references and index<br/><br/><br/>
650 ## - SUBJECT ADDED ENTRY--TOPICAL TERM
Topical term or geographic name as entry element Adult education
9 (RLIN) 20364
650 ## - SUBJECT ADDED ENTRY--TOPICAL TERM
Topical term or geographic name as entry element Teaching adult--Theoretical perspectives
9 (RLIN) 21721
942 ## - ADDED ENTRY ELEMENTS (KOHA)
Source of classification or shelving scheme Dewey Decimal Classification
Koha item type English Books
Classification part 374
Call number suffix MAN
Holdings
Withdrawn status Lost status Damaged status Not for loan Home library Current library Date acquired Source of acquisition Cost, normal purchase price Total Checkouts Full call number Barcode Date last seen Date checked out Copy number Cost, replacement price Price effective from Koha item type
        Central Library Central Library 30/06/2015 Cen Lib/Ret 0.00 1 374 MAN A-742532 13/01/2020 29/12/2019 1 0.00 30/06/2015 English Books

© Delhi Public Library
Hit Counter
free hit counter